| 000 | 00334nam a2200133Ia 4500 | ||
|---|---|---|---|
| 005 | 20260328104308.0 | ||
| 008 | 260328s9999||||xx |||||||||||||| ||und|| | ||
| 100 | _aCuito Ricart, Aurora | ||
| 245 | 0 |
_aSingular Hoteles ; Hoteles singulares / _cAurora Cuito Ricart |
|
| 260 | _bHK | ||
| 300 | _a132 p. | ||
| 650 | _aARTE | ||
| 942 | _cBK | ||
| 999 |
_c10834 _d10834 |
||